[Event "EU-ch 16th"]
[Site "Jerusalem"]
[Date "2015.03.01"]
[Round "5"]
[White "Bronstein, Or"]
[Black "Gottfried, Jonathan"]
[Result "1-0"]
[WhiteElo "1944"]
[BlackElo "1653"]
[PlyCount "139"]
[EventDate "2015.02.24"]
[EventType "swiss"]
[EventRounds "11"]
[EventCountry "ISR"]
[SourceTitle "CBM 166"]
[Source "ChessBase"]
[SourceDate "2015.05.11"]
[SourceVersion "1"]
[SourceVersionDate "2015.05.11"]
[SourceQuality "1"]

1. e4 e5 2. Nf3 Nc6 3. Bb5 Nf6 4. d3 Bc5 5. 0-0 d6 6. c3 0-0 7. h3 a6 8. Ba4 h6 9. Re1 Ba7 10. d4 Qe7 11. d5 Nb8 12. c4 Nbd7 13. Nc3 Nh5 14. Bc2 Rd8 15. Rb1 Nf8 16. b4 Ng6 17. Ne2 Qf6 18. Rb3 Nh4 19. Rf1 g5 20. Nxh4 gxh4 21. Be3 Bxe3 22. Rxe3 Kh8 23. f4 Rg8 24. Ref3 Qg6 25. R1f2 f6 26. fxe5 fxe5 27. Qd3 Bd7 28. Rf7 Rg7 29. Qf3 Rag8 30. Rxg7 Rxg7 31. Kf1 Be8 32. Ke1 Kh7 33. Qf5 Rf7 34. Qxg6+ Kxg6 35. Rxf7 Bxf7 36. Kf2 Kg5 37. Bd1 Nf6 38. Ke3 Bg6 39. Bc2 Nh5 40. Ng1 Nf4 41. Nf3+ Kf6 42. Kf2 Bh7 43. Nxh4 h5 44. Nf3 Bg6 45. h4 Be8 46. g3 Ng6 47. Ng5 Bd7 48. Bd1 Bg4 49. Bxg4 hxg4 50. Ne6 c6 51. dxc6 bxc6 52. Nc7 Ke7 53. Nxa6 Kd8 54. c5 dxc5 55. Nxc5 Kc7 56. h5 Nf8 57. h6 Kd6 58. a4 Ng6 59. h7 Kc7 60. a5 Nh8 61. Ke3 Kb8 62. Nd7+ Ka7 63. Nxe5 Ka6 64. Nxc6 Kb5 65. Ne5 Kxb4 66. a6 Kb5 67. a7 Kb4 68. a8Q Kb5 69. Qxh8 Kb4 70. Qb8+ 1-0

[Event "Lille Luce op 5th"]
[Site "Lille"]
[Date "2014.04.30"]
[Round "3"]
[White "Laine, Panu"]
[Black "Gottfried, Jonathan"]
[Result "1-0"]
[WhiteElo "2177"]
[BlackElo "1647"]
[PlyCount "57"]
[EventDate "2014.04.28"]
[EventType "swiss"]
[EventRounds "9"]
[EventCountry "FRA"]
[SourceTitle "CBM 160 Extra"]
[Source "ChessBase"]
[SourceDate "2014.07.01"]
[SourceVersion "1"]
[SourceVersionDate "2014.07.01"]
[SourceQuality "1"]

1. e4 e5 2. Nf3 Nc6 3. Bb5 Nf6 4. Qe2 a6 5. Ba4 Bc5 6. c3 b5 7. Bb3 d6 8. d3 h6 9. Nbd2 0-0 10. h3 Re8 11. Nf1 d5 12. Ng3 Be6 13. Bd2 Bb6 14. 0-0 dxe4 15. dxe4 Bd7 16. Rad1 Na5 17. Bc2 Nc4 18. Bc1 Nd6 19. b3 Qc8 20. Nh2 Bc5 21. Kh1 Qb7 22. Qf3 a5 23. Bxh6 Bc6 24. Rfe1 Nfxe4 25. Qg4 Kf8 26. Qxg7+ Ke7 27. Nxe4 Bxe4 28. Bxe4 Nxe4 29. Qxe5# 1-0

[Event "Van Leeuwen Memorial 2nd"]
[Site "Ghent"]
[Date "2013.05.21"]
[Round "9"]
[White "De Brouwere, Johan"]
[Black "Gottfried, Jonathan"]
[Result "1-0"]
[WhiteElo "1727"]
[BlackElo "1574"]
[PlyCount "51"]
[EventDate "2013.03.26"]
[EventType "swiss"]
[EventRounds "9"]
[EventCountry "BEL"]
[SourceTitle "EXT 2014"]
[Source "ChessBase"]
[SourceDate "2013.11.20"]
[SourceVersion "1"]
[SourceVersionDate "2013.11.20"]
[SourceQuality "1"]

1. d4 Nf6 2. Nf3 e6 3. Bf4 b6 4. c4 c5 5. Nc3 cxd4 6. Nxd4 a6 7. a3 Bb7 8. Qc2 Nh5 9. Bg3 d6 10. e4 Nd7 11. Be2 Nxg3 12. hxg3 Be7 13. Bf3 Ne5 14. Be2 Rc8 15. b3 d5 16. exd5 exd5 17. Rxh7 Rxh7 18. Qxh7 dxc4 19. Rd1 Nd3+ 20. Bxd3 Qxd4 21. Ne2 Qf6 22. Bxc4 Bxa3 23. Nf4 Rd8 24. Qg8+ Bf8 25. Bxf7+ Ke7 26. Ng6+ 1-0

[Event "Van Leeuwen Memorial 2nd"]
[Site "Ghent"]
[Date "2013.04.30"]
[Round "6"]
[White "Vanhauwaert, Kurt"]
[Black "Gottfried, Jonathan"]
[Result "1-0"]
[WhiteElo "1849"]
[BlackElo "1574"]
[PlyCount "83"]
[EventDate "2013.03.26"]
[EventType "swiss"]
[EventRounds "9"]
[EventCountry "BEL"]
[SourceTitle "EXT 2014"]
[Source "ChessBase"]
[SourceDate "2013.11.20"]
[SourceVersion "1"]
[SourceVersionDate "2013.11.20"]
[SourceQuality "1"]

1. e4 c5 2. Nf3 d6 3. d4 cxd4 4. Nxd4 g6 5. Be3 Nf6 6. Nc3 Bg7 7. f3 0-0 8. Qd2 Nc6 9. g4 Nxd4 10. Bxd4 Be6 11. 0-0-0 Qa5 12. Kb1 Rab8 13. Nd5 Qd8 14. Nxf6+ exf6 15. Be3 b5 16. a3 Re8 17. Bxa7 Rb7 18. Bc5 b4 19. Bxb4 Qa8 20. Bd3 Rxb4 21. Qxb4 Rb8 22. Bb5 d5 23. a4 dxe4 24. Qxe4 Qa5 25. Qd3 f5 26. g5 Qb4 27. Qa3 Qf4 28. h4 Bf8 29. Qd3 Bg7 30. Rde1 Bxb2 31. Kxb2 Qb4+ 32. Kc1 f4 33. Re4 Qc5 34. Rxe6 fxe6 35. Re1 Qf2 36. Qe2 Qc5 37. Qxe6+ Kf8 38. Qf6+ Kg8 39. Qe7 Qd4 40. Qe6+ Kf8 41. Qe5 Qb4 42. Qxb8+ 1-0